000
00279nam a22001337a 4500
008
180119b xxu||||| |||| 00| 0 eng d
020
_a
9781305772229
041
_a
eng
080
_a
510
100
_a
36
101
_a
MAT
245
_a
Pre-Calculus
_c
Stewart
942
_2
udc
_c
BK
999
_c
40596
_d
40596